| 000 | 00728cam a22001935a 4500 | ||
|---|---|---|---|
| 001 | L157661 | ||
| 008 | 130221s1738 xxk f 000 0 eng d | ||
| 035 | _a(Sirsi) u157661 | ||
| 041 | 0 | _aeng | |
| 100 | 1 |
_aPalladio, Andrea _d1508-1580 |
|
| 245 | 0 | 4 |
_aThe four books of architecture _bby Andrea Palladio. ... Literally translated from the original Italian, by Isaac Ware, ... all the plates being engraved by the author's own hand |
| 260 |
_aLondon _bprinted for R. Ware _c[1738?] |
||
| 300 |
_a[12], 110p., plates _bill. _c2o |
||
| 520 | _aLetterpress titlepage in red and black. | ||
| 583 |
_aCondition reviewed _c20120620 _lcondition level 4 |
||
| 651 | 4 | _aInternational | |
| 690 | _aDesign and specification | ||
| 942 | _n0 | ||
| 999 |
_c114907 _d114907 |
||